01844nam a2200265 a 4500008004100000020001800041050002100059100002300080245011600103260004600219300002100265350000900286650003900295650002700334650003200361995016000393995015900553995015900712995016000871999001701031952013701048952012801185952012801313952013701441120214s2010 ||||||||||||||||| || u a9780470404690 aHF 5549.5.T7 Cha aChan, Janis Fisher10aDesigning and developing training programs: pfeiffer essential guides to training basics cby Janis Fisher Chan aSan Francisco:bJohn Wiley and Sonsc2010 axiv, 290p.: ill. a0.00 aTRAINING--HANDBOOKKS, MANUALS, ETC aEMPLOYEES--TRAINING OF aEMPLOYEE TRAINING PERSONNEL aMAIN LIBRARY OPEN ACCESSe742860FCBU-MAIN LIBRARY (Kitwe)I0.00jHF 5549.5.T7 ChaM1UAVAILABLEWJun 22, 2012y742860ZMain Library Open Access Collection aANNEX COLLECTION (Main Library)e744508FCBU-MAIN LIBRARY (Kitwe)I0.00jHF 5549.5.T7 ChaM4UAVAILABLEWSep 13, 2013y744508ZAnnex Low-Usage Collection  aANNEX COLLECTION (Main Library)e744506FCBU-MAIN LIBRARY (Kitwe)I0.00jHF 5549.5.T7 ChaM2UAVAILABLEWSep 13, 2013y744506ZAnnex Low-Usage Collection  aMAIN LIBRARY OPEN ACCESSe744507FCBU-MAIN LIBRARY (Kitwe)I0.00jHF 5549.5.T7 ChaM3UAVAILABLEWSep 13, 2013y744507ZMain Library Open Access Collection c63457d63457 00102lcc4070a001b001cMain Library Open Access Collectiond2022-12-24l0oHF 5549.5.T7 Chap742860r2022-12-24w2022-12-24y002 00102lcc4070a001b001cAnnex Low-Usage Collectiond2022-12-24l0oHF 5549.5.T7 Chap744508r2022-12-24w2022-12-24y002 00102lcc4070a001b001cAnnex Low-Usage Collectiond2022-12-24l0oHF 5549.5.T7 Chap744506r2022-12-24w2022-12-24y002 00102lcc4070a001b001cMain Library Open Access Collectiond2022-12-24l0oHF 5549.5.T7 Chap744507r2022-12-24w2022-12-24y002